000 00395nam a2200157Ia 4500
003 Ost
005 20260225132553.0
008 260225s9999||||xx |||||||||||||| ||und||
040 _cfsic
041 _afre
082 _a440
100 _aMinistére de l'information
_eAuteur
245 0 _aTextes et documents du parti F.LN :
245 0 _b1983 /
_cMinistére de l'information
942 _cكتاب
999 _c34251
_d34251